| 000 | 01187nam a22003015i 4500 | ||
|---|---|---|---|
| 001 | 177368 | ||
| 003 | ES-MaACL | ||
| 005 | 20250928134307.0 | ||
| 008 | 110318s2009 sp o |||| | spa d | ||
| 020 | _a978-84-9850-200-8 | ||
| 080 | _a7.036(460.23)(083.824) | ||
| 245 | 0 | 0 |
_aA títol propi / _cSergi Botella ... [et al.] ; [a càrrec de Pablo Fanego i Joana Hurtado ; coordinació David Armengol, Amanda Cuesta i Jordi Pino]. |
| 260 |
_a[Barcelona] : _bAjuntament de Barcelona, _cD. L. 2009. |
||
| 300 |
_a[20] p. : _bfot. bl. y n. ; _c24 cm. |
||
| 500 | _aRecopilación de declaraciones extraídas de los dossiers presentados al Concurs d'Arts Visuals Premi Miquel Casablancas 2009. | ||
| 546 | _aTexto en catalán y español. | ||
| 650 | 4 |
_aArte- _zCataluña- _yS.XX- _vExposiciones. _9138262 |
|
| 655 | 7 |
_2tgfbne _9193628 _aCatálogos de exposiciones |
|
| 700 | 1 |
_aBotella, Sergi. _9145710 |
|
| 700 | 1 |
_aFanego, Pablo. _9145706 |
|
| 700 | 1 |
_aHurtado, Joana. _9145707 |
|
| 700 | 1 |
_aArmengol, David, _d1974- _9145702 |
|
| 700 | 1 |
_aCuesta, Amanda. _9145703 |
|
| 700 | 1 |
_aPino, Jordi. _9145704 |
|
| 852 |
_aES-MaACL _j2275-F-15 |
||
| 942 | _2udc | ||
| 999 |
_c177368 _d177368 |
||